000 00510nam a2200145 a 4500
001 000044403
005 20201002045341.0
008 140627s20uu dr 000 0 spa d
040 _aDO-SdBNP
_bspa
_cBNPHU
245 0 0 _aLibro de ítemes :
_bpruebas diferenciadas /.
260 _aSanto Domingo :
_bPlan Decenal de Educación,
_c[200-? ].
300 _a177 p. ;
_c22 cm.
505 0 _gv. 2
_tBachillerato
710 2 _aSecretaría de Estado de Educación Comisión Nacional de Pruebas (República Dominicana)
_972414
999 _c43892
_d43892